[Event "World Blitz 2015"]
[Site "Berlin GER"]
[Date "2015.10.14"]
[Round "20.84"]
[White "Seirawan, Yasser"]
[Black "Carlstedt, Jonathan"]
[Result "1-0"]
[WhiteTitle "GM"]
[BlackTitle "IM"]
[WhiteElo "2620"]
[BlackElo "2442"]
[WhiteFideId "2000032"]
[BlackFideId "24614386"]
[EventDate "2015.10.13"]

1. g3 g6 2. Bg2 Bg7 3. c4 e6 4. Nc3 Ne7 5. Nf3 d5 6. d4 Nbc6 7. cxd5 exd5 8. O-O
Bg4 9. e3 O-O 10. h3 Bf5 11. b3 a6 12. Ba3 Qd7 13. Kh2 Rfe8 14. Rc1 b5 15. Bc5
b4 16. Na4 Nc8 17. Ne1 Be4 18. Nd3 Bxg2 19. Kxg2 a5 20. Qf3 Nd8 21. Rc2 Ne6 22.
h4 h5 23. Rfc1 Rb8 24. Nf4 Nxf4+ 25. Qxf4 Re4 26. Qf3 c6 27. Nb2 Ra8 28. Nd3 f6
29. a3 Rg4 30. axb4 g5 31. hxg5 Rxg5 32. Rh1 Qe8 33. Nf4 a4 34. bxa4 Rxa4 35.
Nxh5 Qe6 36. Nf4 Qf5 37. Rcc1 Ra2 38. Ra1 Rc2 39. Ra8 Kf7 40. Nh3 Qxf3+ 41. Kxf3
Rf5+ 42. Nf4 Ne7 43. Ra7 Bf8 44. Bxe7 1-0

[Event "World Blitz 2015"]
[Site "Berlin GER"]
[Date "2015.10.14"]
[Round "20.85"]
[White "Przybylski, Wojciech"]
[Black "Naumann, Alexander"]
[Result "0-1"]
[WhiteTitle "FM"]
[BlackTitle "GM"]
[WhiteElo "2354"]
[BlackElo "2545"]
[WhiteFideId "1117599"]
[BlackFideId "4623169"]
[EventDate "2015.10.13"]

1. e4 e6 2. d4 d5 3. Nc3 Bb4 4. Ne2 Nc6 5. a3 Ba5 6. e5 Nge7 7. Be3 O-O 8. Nf4
Nf5 9. Be2 f6 10. exf6 Qxf6 11. Nh5 Qh4 12. g3 Nxe3 13. fxe3 Qg5 14. Nf4 Ne7 15.
Qd2 c6 16. O-O-O e5 17. dxe5 Qxe5 18. Qd4 Bc7 19. Nd3 Qg5 20. h4 Qh6 21. Nf4 Nf5
22. Qd2 Bb6 23. Ncxd5 cxd5 24. Nxd5 Bxe3 25. Nxe3 Qxe3 26. Bc4+ Kh8 27. Rhf1 Bd7
28. Qxe3 Nxe3 29. Rxf8+ Rxf8 30. Rxd7 Nxc4 31. c3 Rb8 32. b3 Ne5 33. Rd5 Nc6 34.
c4 Rd8 35. Rf5 Kg8 36. Rf3 Nd4 37. Re3 Kf7 38. Kb2 Ne6 39. b4 Rd4 40. Kc3 Rg4
41. c5 Nc7 42. Rd3 Ke6 43. Re3+ Kd5 44. Rd3+ Ke5 45. Re3+ Re4 46. Rd3 Nd5+ 47.
Kb2 Re3 48. Rd2 Rxg3 49. Re2+ Re3 50. Rf2 Nf6 51. Rd2 Ke6 52. b5 Re5 53. Rc2 Kd7
54. a4 Kc7 55. Kb3 Re4 56. h5 Nxh5 57. Rh2 Nf6 58. Rg2 g6 59. Rf2 Re6 60. Kc4 h5
61. a5 h4 62. Rg2 Nd7 63. Rg4 Ne5+ 64. Kd5 Nxg4 0-1

[Event "World Blitz 2015"]
[Site "Berlin GER"]
[Date "2015.10.14"]
[Round "20.86"]
[White "Sawlin, Leonid"]
[Black "Hovhannisyan, Mher"]
[Result "0-1"]
[BlackTitle "IM"]
[WhiteElo "2258"]
[BlackElo "2499"]
[WhiteFideId "4689542"]
[BlackFideId "13300865"]
[EventDate "2015.10.13"]

1. e4 e6 2. d4 d5 3. Nc3 Nf6 4. Bg5 Be7 5. e5 Nfd7 6. h4 h6 7. Bxe7 Qxe7 8. Qg4
O-O 9. Nf3 c5 10. dxc5 Nc6 11. Qf4 f6 12. exf6 Rxf6 13. Qe3 Qxc5 14. Qd2 Nde5
15. Nxe5 Nxe5 16. f4 Ng4 17. Bd3 Ne3 18. Na4 Qd4 19. Bh7+ Kxh7 0-1

[Event "World Blitz 2015"]
[Site "Berlin GER"]
[Date "2015.10.14"]
[Round "20.87"]
[White "Valdes Romero, Leonardo"]
[Black "Lagunow, Raphael"]
[Result "1-0"]
[WhiteTitle "IM"]
[WhiteElo "2362"]
[BlackElo "2164"]
[WhiteFideId "6500331"]
[BlackFideId "24652644"]
[EventDate "2015.10.13"]

1. Nf3 c5 2. g3 Nc6 3. Bg2 g6 4. O-O Bg7 5. d3 Nf6 6. e4 O-O 7. Nbd2 d5 8. Re1
e5 9. exd5 Nxd5 10. a3 h6 11. Rb1 Be6 12. Ne4 b6 13. c4 Nde7 14. b4 f5 15. Ned2
Qxd3 16. b5 Nd4 17. Nxe5 Qc2 18. Bxa8 Qxd1 19. Rxd1 Rxa8 20. Ndf3 Nxf3+ 21. Nxf3
Bxc4 22. Be3 Nd5 23. Nh4 Kf7 24. Rbc1 Nxe3 25. fxe3 Bxb5 26. Rd6 Bf6 27. Ng2 Rd8
28. Rxd8 Bxd8 29. Kf2 Bf6 30. h4 Bc6 31. Nf4 Bb2 32. Rc2 Bxa3 33. Ra2 Bb4 34.
Rxa7+ Kf6 35. Rc7 Be4 36. Rc8 g5 37. hxg5+ hxg5 38. Ne2 b5 39. Rb8 Bd3 40. Rc8
Ba3 41. Nc3 b4 42. Nd5+ Ke5 43. Rxc5 Kd6 44. Ra5 Be4 45. Nb6 Bc1 46. Nc4+ Kc6
47. Ra1 Ba3 48. Nxa3 bxa3 49. Rxa3 Kd6 50. Ra5 Ke6 51. Ra4 Ke5 52. Rb4 Ke6 53.
g4 Ke5 54. gxf5 Bxf5 55. Kg3 Be6 56. Rb5+ Kf6 57. Ra5 Kg6 58. Kf3 Kf6 59. Ke4 g4
60. Kf4 Kg6 61. Ra6 Kf6 62. Rb6 Kf7 63. Ke5 g3 64. Rb7+ Kg6 65. Kxe6 g2 66. Rb1 1-0

[Event "World Blitz 2015"]
[Site "Berlin GER"]
[Date "2015.10.14"]
[Round "20.88"]
[White "Choukri, Adel"]
[Black "Rasmussen, Allan Stig"]
[Result "1-0"]
[WhiteTitle "CM"]
[BlackTitle "GM"]
[WhiteElo "2199"]
[BlackElo "2498"]
[WhiteFideId "9000399"]
[BlackFideId "1406000"]
[EventDate "2015.10.13"]

1. e4 c6 2. d4 d5 3. Nc3 dxe4 4. Nxe4 Nd7 5. Nf3 Ngf6 6. Ng3 c5 7. dxc5 e6 8.
Be3 Ng4 9. Bd4 e5 10. Bc3 Bxc5 11. Ne4 Qb6 12. Nxc5 Qxc5 13. Qd2 O-O 14. Bb4 Qb6
15. Bxf8 Qxb2 16. Rd1 Nxf8 17. Bc4 Bf5 18. h3 Nf6 19. O-O Ne4 20. Qe3 Nc3 21.
Rde1 1-0

[Event "World Blitz 2015"]
[Site "Berlin GER"]
[Date "2015.10.14"]
[Round "20.89"]
[White "Ben Artzi, Ido"]
[Black "Wendt, Jan-Dietrich"]
[Result "1-0"]
[WhiteTitle "IM"]
[BlackTitle "FM"]
[WhiteElo "2419"]
[BlackElo "2332"]
[WhiteFideId "2810913"]
[BlackFideId "4623797"]
[EventDate "2015.10.13"]

1. e4 c5 2. Nf3 e6 3. d4 cxd4 4. Nxd4 Nf6 5. Nc3 Nc6 6. Be3 Bb4 7. f3 d5 8. Nxc6
bxc6 9. e5 Nd7 10. f4 Qa5 11. Bd2 Qb6 12. a3 Be7 13. Na4 Qc7 14. Be2 O-O 15. O-O
f6 16. Bg4 Nc5 17. exf6 Rxf6 18. Nxc5 Bxc5+ 19. Kh1 Rb8 20. Bc3 Rxf4 21. Qe2
Rxf1+ 22. Rxf1 Qe7 23. Bh5 d4 24. Qe5 1-0

[Event "World Blitz 2015"]
[Site "Berlin GER"]
[Date "2015.10.14"]
[Round "20.90"]
[White "Zepeda, Lorena"]
[Black "Carow, Johannes"]
[Result "0-1"]
[WhiteTitle "WIM"]
[BlackTitle "FM"]
[WhiteElo "2106"]
[BlackElo "2431"]
[WhiteFideId "6700233"]
[BlackFideId "24692050"]
[EventDate "2015.10.13"]

1. e4 c5 2. Nf3 e6 3. d4 cxd4 4. Nxd4 a6 5. Bd3 Bc5 6. Nb3 Be7 7. O-O Nc6 8. c4
Nf6 9. Nc3 O-O 10. Be3 d6 11. Rc1 b6 12. h3 Bb7 13. Qd2 Ne5 14. Nd4 Rc8 15. b3
Qc7 16. Bb1 Qb8 17. Rfd1 Qa8 18. f3 Ned7 19. Nde2 Kh8 20. Ng3 Qb8 21. Bf2 Ba8
22. Bd3 Rfd8 23. Bf1 Re8 24. Nge2 b5 25. cxb5 axb5 26. Nd4 b4 27. Na4 d5 28.
exd5 Nxd5 29. Ba6 Rxc1 30. Rxc1 Qd6 31. Bb5 Rb8 32. Bc6 h6 33. Bxa8 Rxa8 34. Qc2
Bg5 35. Qc6 Qxc6 36. Rxc6 Ne5 37. Rc5 Nd3 38. Rb5 Nxf2 39. Kxf2 Be3+ 40. Ke2
Bxd4 41. Kd3 Bf6 42. g4 Rd8 43. Ke2 Nc3+ 44. Nxc3 Bxc3 45. Rb7 Kg8 46. Ra7 Rd2+
47. Ke3 Bd4+ 48. Kxd2 Bxa7 49. Kd3 Bc5 50. Kc4 Be7 51. Kd3 f5 52. Kc4 Kf7 53.
Kb5 fxg4 54. fxg4 e5 55. Kc4 Ke6 56. Kd3 Kd5 57. Ke3 Bc5+ 58. Kd3 e4+ 59. Ke2
Kd4 0-1

[Event "World Blitz 2015"]
[Site "Berlin GER"]
[Date "2015.10.14"]
[Round "20.91"]
[White "Thiede, Lars"]
[Black "Hilverda, Alexander"]
[Result "1/2-1/2"]
[WhiteTitle "IM"]
[WhiteElo "2437"]
[BlackElo "2384"]
[WhiteFideId "4607759"]
[BlackFideId "4695437"]
[EventDate "2015.10.13"]

1. g3 d5 2. Bg2 Nf6 3. Nf3 c6 4. b3 Bg4 5. Bb2 Nbd7 6. O-O e6 7. d3 Bc5 8. Nbd2
O-O 9. h3 Bxf3 10. Bxf3 a5 11. a3 Qe7 12. e4 dxe4 13. dxe4 e5 14. Qe2 Rfd8 15.
Nc4 b5 16. Ne3 g6 17. Kg2 Nf8 18. Ng4 Nxg4 19. Bxg4 Bd4 20. c3 Bb6 21. Rfd1 Ne6
22. b4 h5 23. Bf3 h4 24. Bg4 hxg3 25. fxg3 axb4 26. axb4 Rxa1 27. Rxa1 Qg5 28.
Bc1 Qe7 29. Ra6 Rb8 30. Qa2 Nc7 31. Ra3 Qd6 32. Qd2 Qxd2+ 33. Bxd2 Rd8 34. Ra2
Rd3 35. Be2 Rd6 36. Kf1 Kf8 37. Ke1 Ke7 38. Bf3 f6 39. Ke2 Bg1 40. Ra1 Bb6 41.
h4 Ne6 42. Rh1 Kf7 43. h5 Kg7 44. hxg6 Ng5 45. Bxg5 fxg5 46. Rh7+ Kxg6 47. Rb7
Bg1 48. Bg4 Kf6 49. Bf5 Bh2 50. g4 Bf4 51. Rh7 Rd2+ 52. Ke1 Rd6 53. Rc7 Bd2+ 54.
Ke2 Bxc3 55. Bd7 Bxb4 56. Bxc6 Ba5 57. Rc8 b4 58. Bd5 Bb6 59. Rb8 Bc5 60. Rb7
Bd4 61. Rxb4 Rb6 62. Ra4 Rd6 63. Kd3 Rb6 64. Ra8 Rd6 65. Rf8+ Kg7 66. Rf5 Kg6
67. Bf7+ Kh6 68. Kc4 Rd8 69. Be6 Kg6 70. Bf7+ Kh6 71. Bd5 Kg6 72. Rf3 Rc8+ 73.
Kb3 Rc7 74. Rh3 Kg7 75. Be6 Kf6 76. Bf5 Ke7 77. Rh7+ Kd6 78. Rh5 Be3 79. Rh6+
Kc5 80. Kc3 Ra7 81. Kd3 Ra3+ 82. Ke2 Bf4 83. Rh8 Re3+ 84. Kf2 Ra3 85. Rd8 Be3+
86. Ke2 Bd4 87. Bg6 Ra2+ 88. Kd3 Rg2 89. Rc8+ Kd6 90. Bf5 Rg3+ 91. Kc2 Rg2+ 92.
Kd3 Rg3+ 93. Ke2 Re3+ 94. Kd2 Ra3 95. Rd8+ Ke7 96. Rg8 Kf6 97. Rg6+ Ke7 98. Ke2
Ra2+ 99. Kd3 Ra3+ 100. Kc4 Rc3+ 101. Kb4 Rg3 102. Rxg5 Be3 103. Rg6 Bf4 104. Kc4
Rg2 105. Re6+ Kf7 106. Ra6 Rd2 107. Ra7+ Kf6 108. Ra6+ Kf7 109. Rg6 Rd4+ 110.
Kc5 Rd2 111. g5 Rg2 112. Rf6+ Kg7 113. Rg6+ Kf7 114. Kd5 Rxg5 115. Ra6 Rg7 116.
Kd6 Rg1 117. Ra7+ Kf6 118. Ra8 Rd1+ 119. Kc6 Rd2 120. Rf8+ Kg5 121. Rg8+ 1/2-1/2

[Event "World Blitz 2015"]
[Site "Berlin GER"]
[Date "2015.10.14"]
[Round "20.92"]
[White "Berend, Elvira"]
[Black "Thornton, Giovanni Antonio"]
[Result "1-0"]
[WhiteTitle "WGM"]
[WhiteElo "2370"]
[BlackElo "2207"]
[WhiteFideId "4000510"]
[BlackFideId "4300963"]
[EventDate "2015.10.13"]

1. d4 Nf6 2. c4 e6 3. Nc3 Bb4 4. a3 Bxc3+ 5. bxc3 b6 6. e3 Bb7 7. Nf3 Ne4 8. Qc2
O-O 9. Be2 d6 10. O-O Nd7 11. Nd2 f5 12. f3 Qg5 13. fxe4 Qxe3+ 14. Rf2 fxe4 15.
Nf3 Qxf2+ 16. Kxf2 exf3 17. Bxf3 1-0

[Event "World Blitz 2015"]
[Site "Berlin GER"]
[Date "2015.10.14"]
[Round "20.93"]
[White "Cordeiro, Marco Aurelio Zaror"]
[Black "Camacho Collados, Jose"]
[Result "0-1"]
[BlackTitle "IM"]
[WhiteElo "2228"]
[BlackElo "2383"]
[WhiteFideId "2117991"]
[BlackFideId "2265427"]
[EventDate "2015.10.13"]

1. e4 c5 2. Nc3 Nc6 3. f4 g6 4. Nf3 Bg7 5. Bb5 Nd4 6. O-O Nxb5 7. Nxb5 Nf6 8.
Nc3 O-O 9. e5 Ne8 10. d3 d6 11. Qe1 Bg4 12. exd6 Nxd6 13. Ne5 Be6 14. Kh1 Nf5
15. Ne4 Nd4 16. Qf2 Rc8 17. Be3 b6 18. Ng5 Qd6 19. Nxe6 Qxe6 20. Rae1 Qxa2 21.
Bxd4 cxd4 22. Nc4 Qa4 23. Rxe7 b5 24. b3 Qa2 25. Ne5 Rxc2 26. Qf3 Qxb3 27. Rxa7
b4 28. Nd7 Re8 29. Ra8 Qe6 30. Rxe8+ Qxe8 31. Nb6 b3 32. Nc4 b2 33. Qb7 Rc1 0-1

[Event "World Blitz 2015"]
[Site "Berlin GER"]
[Date "2015.10.14"]
[Round "20.94"]
[White "Bruedigam, Martin"]
[Black "Koehler, Gerhard2"]
[Result "0-1"]
[WhiteTitle "FM"]
[WhiteElo "2375"]
[BlackElo "2173"]
[WhiteFideId "24608033"]
[BlackFideId "12909700"]
[EventDate "2015.10.13"]

1. e4 e6 2. d4 d5 3. exd5 exd5 4. Bd3 c5 5. c3 Nc6 6. Ne2 Bd6 7. h3 Nge7 8. O-O
O-O 9. dxc5 Bxc5 10. Nd2 Ne5 11. Bc2 Bf5 12. Nb3 Bb6 13. Bf4 N5g6 14. Bg3 Qd7
15. Ned4 Be4 16. Re1 f5 17. f3 Bxc2 18. Qxc2 f4 19. Bf2 Nf5 20. Nxf5 Rxf5 21.
Rad1 Rg5 22. Kh2 Bxf2 23. Qxf2 Rg3 24. Qd4 Rd8 25. Re2 Qf5 26. Nd2 Nh4 27. Rde1
Nxg2 28. Re8+ Rxe8 29. Rxe8+ Kf7 0-1

[Event "World Blitz 2015"]
[Site "Berlin GER"]
[Date "2015.10.14"]
[Round "21.4"]
[White "Kasimdzhanov, Rustam"]
[Black "Vachier-Lagrave, Maxime"]
[Result "0-1"]
[WhiteTitle "GM"]
[BlackTitle "GM"]
[WhiteElo "2704"]
[BlackElo "2758"]
[WhiteFideId "14200244"]
[BlackFideId "623539"]
[EventDate "2015.10.13"]

1. e4 c5 2. Nf3 d6 3. Bb5+ Nd7 4. c3 Nf6 5. Qe2 a6 6. Ba4 e6 7. O-O b5 8. Bc2
Bb7 9. a4 Be7 10. Re1 O-O 11. axb5 axb5 12. Rxa8 Qxa8 13. Qxb5 Ba6 14. Qa5 Qb7
15. Qa4 Ra8 16. Qb3 Qxb3 17. Bxb3 Bd3 18. Na3 Bxe4 19. Ng5 Bd3 20. Bc2 Bxc2 21.
Nxc2 c4 22. Nf3 Nc5 23. Rd1 Nfd7 24. Nb4 Ra1 25. Nc2 Ra4 26. Nce1 Nb3 27. Nc2
Ndc5 28. Nfe1 Bg5 29. Nf3 Bh6 30. Na3 Nd3 0-1

[Event "World Blitz 2015"]
[Site "Berlin GER"]
[Date "2015.10.14"]
[Round "21.5"]
[White "Vovk, Yuri"]
[Black "Nepomniachtchi, Ian"]
[Result "0-1"]
[WhiteTitle "GM"]
[BlackTitle "GM"]
[WhiteElo "2617"]
[BlackElo "2705"]
[WhiteFideId "14113171"]
[BlackFideId "4168119"]
[EventDate "2015.10.13"]

1. d4 Nf6 2. c4 g6 3. Nc3 d5 4. cxd5 Nxd5 5. e4 Nxc3 6. bxc3 Bg7 7. Nf3 c5 8.
Be3 Qa5 9. Nd2 Bd7 10. Rc1 cxd4 11. cxd4 O-O 12. Bc4 Ba4 13. Bb3 Bb5 14. Bc4
Bxc4 15. Rxc4 Qxa2 16. O-O Na6 17. d5 Rfc8 18. Rxc8+ Rxc8 19. Bxa7 Nb4 20. Be3
Rc2 21. Nf3 Qc4 22. Bd4 Nd3 23. Bxg7 Kxg7 24. Qa1+ Qc3 25. Qa7 Nc5 26. h3 Rc1
27. Rxc1 Qxc1+ 28. Kh2 Nxe4 29. Qxb7 Qc5 30. d6 Qxd6+ 31. g3 Nc5 32. Qb2+ f6 33.
Qc3 Qd5 34. Nd4 Kf7 35. Ne2 Nd3 36. Qd2 Qf3 37. Qa2+ Kg7 38. Qe6 Qxf2+ 39. Kh1
Qc5 40. h4 h5 41. Kg2 Ne5 42. Nf4 Qc6+ 43. Qxc6 Nxc6 44. Kf3 Kf7 45. Ke4 Ne5 46.
Kd5 Ng4 47. Ke4 Nh6 48. Ne2 Nf5 49. Kf4 e5+ 50. Ke4 Ke6 51. Kd3 Nd6 52. Nc3 Kf5
53. Nd5 Kg4 54. Nxf6+ Kxg3 55. Nd7 Kf4 56. Nf8 Kf5 57. Ke3 Nc4+ 58. Kf2 Nb6 59.
Kf3 e4+ 60. Kg3 Nd5 61. Kf2 Nf4 62. Kg3 e3 63. Kf3 e2 64. Kf2 Kg4 0-1

[Event "World Blitz 2015"]
[Site "Berlin GER"]
[Date "2015.10.14"]
[Round "21.6"]
[White "Navara, David"]
[Black "Karjakin, Sergey"]
[Result "1-0"]
[WhiteTitle "GM"]
[BlackTitle "GM"]
[WhiteElo "2734"]
[BlackElo "2762"]
[WhiteFideId "309095"]
[BlackFideId "14109603"]
[EventDate "2015.10.13"]

1. d4 Nf6 2. c4 e6 3. Nf3 b6 4. Bf4 Bb7 5. e3 Be7 6. Nc3 Nh5 7. Bd3 d6 8. O-O
Nd7 9. Qc2 h6 10. Be4 Bxe4 11. Qxe4 O-O 12. Rfe1 Ndf6 13. Qd3 Qd7 14. h3 Nxf4
15. exf4 Rfe8 16. d5 exd5 17. cxd5 Bf8 18. Nd4 g6 19. Rac1 Bg7 20. Nc6 Nh5 21.
f5 g5 22. Qf3 Nf6 23. g4 Rxe1+ 24. Rxe1 Re8 25. Rc1 a6 26. a4 Kh7 27. Kg2 Qc8
28. Qd3 Kg8 29. Nb4 a5 30. Nc6 h5 31. Qf3 hxg4 32. hxg4 Qd7 33. b3 Qc8 34. Kg3
Qa6 35. Nb5 Qc8 36. Nxd6 Qd7 37. Nxe8 Nxe8 38. Re1 Nf6 39. Kh3 Bf8 40. Qe3 Nh7
41. Qe5 Qc8 42. Ne7+ Bxe7 43. Qxe7 Qa6 44. Qe8+ Kg7 45. Qb5 Qb7 46. Re7 Nf6 47.
Qc6 Qb8 48. Qxc7 Qh8+ 49. Kg2 Nxg4 50. Rxf7+ Kg8 51. Qd8+ 1-0

[Event "World Blitz 2015"]
[Site "Berlin GER"]
[Date "2015.10.14"]
[Round "21.7"]
[White "Andreikin, Dmitry"]
[Black "Svidler, Peter"]
[Result "0-1"]
[WhiteTitle "GM"]
[BlackTitle "GM"]
[WhiteElo "2720"]
[BlackElo "2727"]
[WhiteFideId "4158814"]
[BlackFideId "4102142"]
[EventDate "2015.10.13"]

1. Nc3 d5 2. e4 d4 3. Nce2 c5 4. Ng3 Nc6 5. Bc4 a6 6. d3 e6 7. a4 Bd6 8. f4 e5
9. f5 Nf6 10. Nh5 g6 11. Ng7+ Ke7 12. Nh3 Rg8 13. Bh6 gxf5 14. Ng5 Qa5+ 15. c3
Nd8 16. O-O f4 17. b4 Qc7 18. cxd4 cxd4 19. Rc1 Qb6 20. Nxf7 Nxf7 21. Bxf7 Rxg7
22. Bxg7 Kxf7 23. Bxf6 Kxf6 24. Qh5 Be6 25. Qh6+ Ke7 26. Qg5+ Ke8 27. Qf6 Kd7
28. Qg7+ Be7 29. Qxe5 Qd6 30. Qa5 Rg8 31. b5 Rg5 32. Qd2 axb5 33. axb5 Rxb5 34.
Qe2 Qe5 35. Qc2 Rc5 36. Qa4+ b5 37. Qa8 Rc3 38. Qb7+ Ke8 39. Qa8+ Kf7 40. Rcd1
b4 41. Rf2 Qc7 42. g3 Rc1 43. Rdf1 Rxf1+ 44. Rxf1 b3 45. Qh8 Kg6 46. gxf4 Bh3
47. f5+ Kh6 48. Re1 Qc2 0-1

[Event "World Blitz 2015"]
[Site "Berlin GER"]
[Date "2015.10.14"]
[Round "21.8"]
[White "Aronian, Levon"]
[Black "Anand, Viswanathan"]
[Result "1/2-1/2"]
[WhiteTitle "GM"]
[BlackTitle "GM"]
[WhiteElo "2784"]
[BlackElo "2803"]
[WhiteFideId "13300474"]
[BlackFideId "5000017"]
[EventDate "2015.10.13"]

1. c4 e5 2. Nc3 Nf6 3. Nf3 Nc6 4. g3 g6 5. d4 exd4 6. Nxd4 Bg7 7. Bf4 O-O 8.
Nxc6 bxc6 9. Bg2 Rb8 10. Qd2 d5 11. Rd1 Be6 12. cxd5 cxd5 13. Be3 a5 14. O-O c6
15. b3 Nd7 16. Na4 Rb4 17. Rc1 Qa8 18. Bh6 Bxh6 19. Qxh6 Qa6 20. Qd2 Rc8 21. e3
Rb7 22. Rfd1 Rbc7 23. Nc5 Nxc5 24. Rxc5 Ra7 25. Rdc1 a4 26. b4 a3 27. Qc3 Raa8
28. Ra5 Qb6 29. Qxa3 Rxa5 30. bxa5 Qa7 31. Rc5 Rb8 32. h4 Rb1+ 33. Kh2 Qa6 34.
Rc1 Rxc1 35. Qxc1 Qxa5 1/2-1/2

[Event "World Blitz 2015"]
[Site "Berlin GER"]
[Date "2015.10.14"]
[Round "21.9"]
[White "Dreev, Aleksey"]
[Black "Mamedov, Rauf"]
[Result "0-1"]
[WhiteTitle "GM"]
[BlackTitle "GM"]
[WhiteElo "2644"]
[BlackElo "2657"]
[WhiteFideId "4100107"]
[BlackFideId "13401653"]
[EventDate "2015.10.13"]

1. d4 Nf6 2. c4 d6 3. Nc3 g6 4. e4 Bg7 5. f3 O-O 6. Nge2 c5 7. Be3 Nc6 8. d5 Ne5
9. Ng3 h5 10. Be2 h4 11. Nf1 e6 12. Nd2 exd5 13. cxd5 h3 14. g3 b5 15. Nxb5 Rb8
16. Qc2 Nxd5 17. exd5 Bf5 18. Ne4 Nxf3+ 19. Bxf3 Rxb5 20. O-O Rxb2 21. Qd3 Re8
22. Rae1 Rb4 23. Bg5 Qxg5 24. Nf6+ Bxf6 25. Rxe8+ Kg7 26. Qd1 Be5 27. Kh1 Rb2
28. Rxe5 dxe5 29. Qe1 Qd2 30. Qxe5+ Kh7 31. g4 Bxg4 32. Qg3 Bxf3+ 0-1

[Event "World Blitz 2015"]
[Site "Berlin GER"]
[Date "2015.10.14"]
[Round "21.10"]
[White "Ponomariov, Ruslan"]
[Black "Ponkratov, Pavel"]
[Result "0-1"]
[WhiteTitle "GM"]
[BlackTitle "GM"]
[WhiteElo "2710"]
[BlackElo "2604"]
[WhiteFideId "14103320"]
[BlackFideId "4157800"]
[EventDate "2015.10.13"]

1. e4 e6 2. d4 d5 3. Nc3 Nf6 4. e5 Nfd7 5. f4 c5 6. Nf3 Nc6 7. Be3 a6 8. Qd2 b5
9. dxc5 Bxc5 10. Bd3 Qb6 11. Bf2 O-O 12. a3 f6 13. exf6 Rxf6 14. O-O Bxf2+ 15.
Rxf2 Bb7 16. Re1 Raf8 17. g3 h6 18. b4 g5 19. f5 Ne7 20. Rxe6 Rxe6 21. fxe6 Qxe6
22. Nd4 Qe5 23. Rxf8+ Nxf8 24. Nce2 Nc8 25. Qc3 Nd6 26. Qc7 Bc8 27. Kf1 Bg4 28.
Nc6 Qf6+ 29. Ke1 Ne4 30. Bxe4 dxe4 31. Kd2 e3+ 32. Kd3 Qf5+ 33. Kxe3 Qf3+ 34.
Kd2 Qxe2+ 35. Kc1 Qf1+ 36. Kb2 Qf6+ 37. Kb1 Ng6 38. Qb8+ Kg7 39. Qc7+ Qf7 40.
Qd6 Bf5 41. Nd4 Bd7 42. Kb2 Nf8 43. Qxa6 Qf6 44. Qa7 Kh8 45. Kb1 Be8 46. Nb3 Ne6
47. Qb8 Qf7 48. Qe5+ Kg8 49. Qd6 Qf5 50. Qe7 Bg6 51. Ka1 Ng7 52. Nd4 Qf2 53.
Qd8+ Kh7 54. Kb2 Qxh2 55. Qd6 Qf2 56. a4 bxa4 57. b5 Qe3 58. b6 a3+ 59. Ka2 Bf7+
60. Nb3 Qe4 61. Kxa3 Qxc2 62. Nc5 Qc3+ 63. Ka4 Be8+ 64. Nd7 Qc8 0-1

[Event "World Blitz 2015"]
[Site "Berlin GER"]
[Date "2015.10.14"]
[Round "21.12"]
[White "Dominguez Perez, Leinier"]
[Black "Onischuk, Vladimir"]
[Result "1-0"]
[WhiteTitle "GM"]
[BlackTitle "GM"]
[WhiteElo "2732"]
[BlackElo "2612"]
[WhiteFideId "3503240"]
[BlackFideId "14114038"]
[EventDate "2015.10.13"]

1. e4 d6 2. d4 Nf6 3. Nc3 g6 4. Be3 c6 5. Qd2 Nbd7 6. Nf3 e5 7. dxe5 dxe5 8. h3
Qe7 9. Bd3 Bg7 10. O-O O-O 11. a4 a5 12. Ne2 Nh5 13. Rfd1 Nc5 14. Qc3 Ne6 15.
Bc4 Nef4 16. Nxf4 Nxf4 17. Bc5 Qf6 18. Bxf8 Kxf8 19. Qa3+ Kg8 20. Rd6 Be6 21.
Bxe6 Nxe6 22. Qe3 Bf8 23. Rd7 Bc5 24. Qd2 Nf4 25. Ne1 Kg7 26. Rd1 b6 27. c3 Re8
28. Nd3 Qg5 29. Nxf4 exf4 30. Qe2 Re5 31. Qf3 Qg3 32. Kf1 Qh4 33. Rb7 Rxe4 34.
Rdd7 Re7 35. Rxe7 Bxe7 36. Rxb6 Qg5 37. Rxc6 Qf5 38. Kg1 Bf6 39. Rd6 Be5 40. Rd5
f6 41. Rxa5 Qb1+ 42. Kh2 h5 43. Rb5 Kh6 44. a5 Qf1 45. Rxe5 fxe5 46. b4 Qc4 47.
Qa8 Qxc3 48. a6 Qd4 49. a7 Qxf2 50. Qh8+ Kg5 51. Qxe5+ Kh4 52. a8=Q Qg3+ 53. Kg1
g5 54. Qf3 1-0

[Event "World Blitz 2015"]
[Site "Berlin GER"]
[Date "2015.10.14"]
[Round "21.14"]
[White "Bogdanovich, Stanislav"]
[Black "Vitiugov, Nikita"]
[Result "0-1"]
[WhiteTitle "IM"]
[BlackTitle "GM"]
[WhiteElo "2590"]
[BlackElo "2725"]
[WhiteFideId "14115298"]
[BlackFideId "4152956"]
[EventDate "2015.10.13"]

1. d4 Nf6 2. c4 e6 3. Nf3 d5 4. g3 Bb4+ 5. Bd2 Bd6 6. Bg2 Nbd7 7. cxd5 exd5 8.
Nc3 c6 9. O-O O-O 10. Qc1 Re8 11. Bf4 Bxf4 12. Qxf4 Nf8 13. Ne5 Ng6 14. Nxg6
hxg6 15. b4 a6 16. a4 Bf5 17. Qd2 Qd7 18. b5 axb5 19. axb5 Bh3 20. bxc6 bxc6 21.
Qd3 Rab8 22. Na4 Ne4 23. Rac1 Bxg2 24. Kxg2 Ng5 25. Kg1 Rb4 26. Nc5 Qg4 27. f3
Qxd4+ 28. Qxd4 Rxd4 29. Rc2 Rb4 30. Rfc1 Rb6 31. Kf2 Ne6 32. Nd3 Nd4 33. Ra2 Rb3
34. Nc5 Rbe3 35. Re1 Nxf3 36. Rh1 Nd4 37. Re1 Rc3 38. Nd3 g5 39. Rd2 Nb3 40. Rb2
Nc5 41. Nb4 Ne4+ 42. Kf1 d4 43. Rd1 c5 44. Nd5 Ra3 45. Rc1 Rd8 46. Ne7+ Kf8 47.
Nc6 Re8 48. Rbc2 Ra6 49. Rxc5 Nxc5 50. Rxc5 Rc8 51. Nb4 Ra1+ 0-1

[Event "World Blitz 2015"]
[Site "Berlin GER"]
[Date "2015.10.14"]
[Round "21.15"]
[White "Ivanisevic, Ivan"]
[Black "Fedoseev, Vladimir3"]
[Result "0-1"]
[WhiteTitle "GM"]
[BlackTitle "GM"]
[WhiteElo "2653"]
[BlackElo "2659"]
[WhiteFideId "912417"]
[BlackFideId "24130737"]
[EventDate "2015.10.13"]

1. d4 Nf6 2. c4 g6 3. f3 d5 4. cxd5 Nxd5 5. e4 Nb6 6. Nc3 Bg7 7. Be3 O-O 8. f4
Nc6 9. Nf3 Bg4 10. d5 Na5 11. h3 Bxf3 12. Qxf3 c6 13. dxc6 bxc6 14. Rd1 Qc7 15.
Be2 Nac4 16. Bc1 Rad8 17. O-O Rxd1 18. Rxd1 Rd8 19. e5 Rxd1+ 20. Nxd1 Na5 21.
Bd2 Nb7 22. Qa3 Nd8 23. Be3 Ne6 24. Nf2 Nd5 25. Qxa7 Qxa7 26. Bxa7 Nexf4 27. Ba6
Bxe5 28. b3 Nb4 29. Bb7 Nxa2 30. Bxc6 e6 31. Bc5 Bd4 32. Bxd4 Ne2+ 33. Kf1 Nxd4
34. Ba4 Nc3 35. Nd3 Kf8 36. Kf2 Ke7 37. Ke3 Nf5+ 38. Kd2 Ne4+ 39. Kc2 Kd6 40.
Kb2 Ne3 41. g4 e5 42. b4 f5 43. gxf5 gxf5 44. Be8 f4 45. Bh5 Nf6 46. Be2 Ned5 0-1